书目信息 |
| 题名: |
听戏慢时光
|
|
| 作者: | 石呈祥, 著 | |
| 分册: | ||
| 出版信息: | 北京 北京联合出版公司 2017 |
|
| 页数: | 222页 | |
| 开本: | 23cm | |
| 丛书名: | ||
| 单 册: | ||
| 中图分类: | J82 | |
| 科图分类: | ||
| 主题词: | 戏曲--xi qu--中国--文集 | |
| 电子资源: | ||
| ISBN: | 978-7-5502-9694-7 | |
| 000 | 01021nam0 2200253 450 | |
| 001 | 012017000425 | |
| 005 | 20180111090508.43 | |
| 010 | @a978-7-5502-9694-7@b@dCNY36.00 | |
| 100 | @a20170630d2017 em y0chiy0121 ea | |
| 101 | 0 | @achi |
| 102 | @aCN@b110000 | |
| 105 | @ay z 000yy | |
| 106 | @ar | |
| 200 | 1 | @a听戏慢时光@Ating xi man shi guang@f石呈祥著@g |
| 210 | @a北京@c北京联合出版公司@d2017 | |
| 215 | @a222页@c@d23cm | |
| 314 | @a石呈祥, 1941年出生于北京, 河北大学管理学院副教授, 1964年毕业于北京大学图书馆学系。 | |
| 330 | @a本书共收入30篇文章, 内容包括京剧认知、梨园掌故、名剧赏析、看戏之法、京剧史实考证等。作者听戏六十余年, 中年以后热心于京剧艺术的弘扬与研究, 提出的见解独到; 所写文章内容深刻, 文笔生动, 戏里戏外, 笔意纵横, 旁及社会、人生、处世为人, 读后既能提高京剧鉴赏水平, 又能给人以多方面的启迪。 | |
| 606 | 0 | @a戏曲@Axi qu@y中国@j文集 |
| 690 | @aJ82@v5 | |
| 701 | 0 | @a石呈祥,@Ashi cheng xiang@f1941-@4著 |
| 801 | 0 | @aCN@b湖北三新@c20171118@g |
| 905 | @aBZT@dJ82@e3 | |
| 906 | @dCNY36.00@n5@r1 | |
| 听戏慢时光/石呈祥著.-北京:北京联合出版公司,2017 |
| 222页;23cm |
| ISBN 978-7-5502-9694-7:CNY36.00 |
| 本书共收入30篇文章, 内容包括京剧认知、梨园掌故、名剧赏析、看戏之法、京剧史实考证等。作者听戏六十余年, 中年以后热心于京剧艺术的弘扬与研究, 提出的见解独到; 所写文章内容深刻, 文笔生动, 戏里戏外, 笔意纵横, 旁及社会、人生、处世为人, 读后既能提高京剧鉴赏水平, 又能给人以多方面的启迪。 |
| ● |
| 相关链接 |
|
|
|
正题名:听戏慢时光
索取号:J82/3
 
预约/预借
| 序号 | 登录号 | 条形码 | 馆藏地/架位号 | 状态 | 备注 |
| 1 | 844385 | 2000844385 | 第二书库/ [索取号:J82/3] | 在馆 | |
| 2 | 844386 | 2000844386 | 第二书库/ [索取号:J82/3] | 在馆 | |
| 3 | 844387 | 2000844387 | 第二书库/ [索取号:J82/3] | 在馆 | |
| 4 | 844388 | 2000844388 | 第二书库/ [索取号:J82/3] | 在馆 | |
| 5 | 844389 | 2000844389 | 第二书库/ [索取号:J82/3] | 在馆 |